00553nam a2200133Ia 4500008004100000041000800041082002400049100002600073245005600099260003700155300000900192999001900201952019900220230411s9999 xx 000 0 und d aeng aOG/618.1/GUP/B07024 aGupta Sadhana9179340 aComprehensive Textbook of Obstetrics and Gynecology bJaypee BrothersaNew Delhic2011 a664p c157223d157223 001040708OGaBTINbBTINd2012-02-25eJaypee Brothers Medical Publishersg775.00i5363l6m1oOG 618.1 GUP B07024pBTIN-BK-7024r2026-02-04 14:59:04s2026-01-30v566.00w2012-02-25yBKzB07024